000 01482cam a22004097a 4500
001 000094611
003 CHAP
005 20220329143035.0
008 051006d2005 mx r 00110 spa d
010 _a91077
011 _a92049
035 _a102612
040 _cCHAP
090 _aTesis
100 0 0 _aDomínguez Serafín, Araceli.
_933891
245 1 0 _aDiagnóstico técnico-económico de la superficie bajo riego en el municipio de Texcoco, Estado de México /
_c/por Araceli Domínguez Serafín.
260 _aChapingo, Méx. :
_bEl autor,
_c2005.
300 _a120 h.
502 _aTesis (Ing. en Irrigación) - - UACH. Departamento de Irrigación
590 _aALEPH
_b10
_c20130110
_lUCH01
_h1506
590 _aBATCH-UPD
_b10
_c20130110
_lUCH01
_h0338
590 _aBATCH-UPD
_b10
_c20130410
_lUCH01
_h0012
590 _aBATCH-UPD
_b10
_c20130914
_lUCH01
_h0110
590 _aBATCH-UPD
_b10
_c20140324
_lUCH01
_h1451
590 _aBATCH-UPD
_b10
_c20141002
_lUCH01
_h0826
590 _aCONVERSION
_b10
_c20130109
_lUCH01
_h1350
590 _aE12093SGE
_b10
_c20130618
_lUCH01
_h1022
650 1 4 _aAgua para irrigación
_xMéxico (Edo.)
_92439
650 1 4 _aAgua
_xAbastecimiento
_xCostos.
_92238
856 _3Finding aid
_uhttp://10.13.5.2/tesis/102612.pdf
_zTeclea aquí
901 _aBK
905 _aLilia
942 _cCD
942 _n0
949 _aTesis
_bBC
_cTES
_d1026121
_eTS1
_h43975
_i102612
_sb
949 _aTesis
_bBC
_cTES
_d33724000963906
_eTS2
_fc.2
_h43976
_i102612
_sb
999 _c91077
_d91077